01851agaaa2200301 45000010005000000030009000050050017000140070009000310080040000400400023000800410013001031000054001161300020001702450174001902500022003642600145003863000034005315080077005655200411006425380016010535460013010696500066010827000066011487000063012149420012012779990019012899520241013088587IT-RoPAU20220918181238.0d cvaizq50131s9999||||xx ||| | || ||und|| aIT-RoPAUcIT-RoPAU aITALIANO aManfio SergiogCodice regista SPICS: 55764944250 aLEONARDO944251 aLEONARDOcProdotto da: Romanelli A. Manfio -- Sceneggiatura: Manfio Sergio Manfio Francesco -- Diretto da: Manfio SergiopLEONARDO (Rif. Codice opera principale : H8587) aEdizione Standard a(ITALIA)bRAI FICTION - GRUPPO AMICI - RQ ENTERTAINME / Distribuzione: MULTIMEDIA SAN PAOLOg"2007 (1° ed.: 2009 ; Ed. Lingua Orig.: 2007)" aDVDbsonoro, col.c340 minuti a"Musica: Manfio Sergio; Sceneggiatura: Manfio Sergio Manfio Francesco; " aSECONDA META' DEL XV SECOLO. LEONARDO E' ANCORA UN BAMBINO COME GLI ALTRI,MA MOSTRA GIA' DI POSSEDERE DOTI PARTICOLARI: E' BRILLANTE, SIA NEI GIOCHIDI SQUADRA SIA NELL'IDEARE NUOVE INVENZIONI, COSTRUITE CON MATERIALI DI FORTUNA COME MOLLE O ELASTICI. MOLTO SPESSO LEONARDO DEVE PERO' COMTROBATTEREAI TRANELLI E ALL'INIMICIZIA DI GOTTARDO E DI SUA SORELLA LAURA, I FIGLI INVIDIOSI DEL SIGNOROTTO DI VINCI... aPAL, STEREO aITALIANO aANIMAZIONEeDVD-FILM [DVD]xCodice MATERIA SPICS: 9947944252 aManfio Sergio e(regista)gCodice regista SPICS: 55764944253 aManfio Sergioe(musica)gCodice Musica SPICS: 55764944254 cDV2ddc c105946d105946 0010406H_8587_00000000000000071aSPICSbSPICSd2015-01-31l0oH8587r2015-01-31 00:00:00w2015-01-31yDVzProgr. Ins.: 3773 / N.Vol.:2 / Copie: 1 / Pag.:0 / Copia rara: n.d. / date import: 1.2.2015 / By Epidotti, Trombetti, Vaglietti